000 01166nam a2200313 i 4500
001 000017714
003 DO-SdBNP
005 20240530073934.0
007 ta
008 100330s1954 dr 000 0dspa d
040 _aDO-SdBNP
_bspa
_cBNPHU
_erda
049 _aBNPD
082 4 _a923.27293
_bD812G
_222
100 1 _aGarcía Lluberes, Alcides,
_938561
_eautor
245 1 0 _aDuarte y las bellas letras /
_cAlcides García Lluberes.
264 _aCiudad Trujillo, República Dominicana :
_bAcademia Dominicanoa de la Historia,
_c1954.
300 _a50 páginas ;
_c22 cm.
336 _2rdacontent
_atexto
_btxt
337 _2rdamedia
_asin mediación
_bnc
338 _2rdacarrier
_avolumen
_bn
500 _aTrabajo publicado en la revista Clío, órgano de la Academia Dominicana de la Historia, número 101, oct.-dic.,1954.
590 _aInventariado, 2023/BT
600 1 0 _aDuarte, Juan Pablo,
_d1813-1876
_91494
650 0 _aEnsayos dominicanos
_965
650 0 _aLiteratura dominicana.
_967
651 4 _aRepública Dominicana
_xHistoria
_y1844-1930
_xEnsayos Conferencias, Etc.
_938562
910 _aValidado. Control de calidad EMS
942 _2ddc
_cLF2
999 _c17239
_d17239